[Event "IECC KO-5043"]
[Site "IECC email"]
[Date "2005.06.06"]
[Round "?"]
[White "MacDonald, Weldon"]
[Black "Van Laar, Jan"]
[Result "1-0"]
[WhiteElo "1661"]
[BlackElo "1808"]
[PlyCount "39"]
[EventDate "2004.??.??"]
[EventType "match (corr)"]
[EventRounds "2"]
[SourceTitle "Corr 2020"]
[Source "ChessBase"]
[SourceDate "2019.09.30"]
[SourceVersion "1"]
[SourceVersionDate "2019.09.30"]
[SourceQuality "1"]
[WhiteTeam "United States"]
[BlackTeam "Netherlands"]
[WhiteTeamCountry "USA"]
[BlackTeamCountry "NED"]

1. e4 e6 2. d4 d5 3. Nc3 Nf6 4. Bg5 Be7 5. e5 Nfd7 6. Bxe7 Qxe7 7. f4 a6 8. Nf3 c5 9. Qd2 Nc6 10. dxc5 Nxc5 11. 0-0-0 b5 12. Qe3 Bb7 13. Ne2 0-0 14. Ned4 Rac8 15. Nxc6 Rxc6 16. Nd4 Rc7 17. g4 Qh4 18. Rg1 Qxh2 19. Bh3 g5 20. Rdf1 1-0

[Event "IECC KO-5035"]
[Site "IECC email"]
[Date "2003.12.09"]
[Round "?"]
[White "Van Laar, Jan"]
[Black "Jensen, Jeff"]
[Result "1-0"]
[WhiteElo "1945"]
[BlackElo "1390"]
[PlyCount "41"]
[EventDate "2003.??.??"]
[EventType "match (corr)"]
[EventRounds "2"]
[SourceTitle "Corr 2020"]
[Source "ChessBase"]
[SourceDate "2019.09.30"]
[SourceVersion "1"]
[SourceVersionDate "2019.09.30"]
[SourceQuality "1"]
[WhiteTeam "Netherlands"]
[BlackTeam "Australia"]
[WhiteTeamCountry "NED"]
[BlackTeamCountry "AUS"]

1. e4 c6 2. Nc3 d5 3. d4 dxe4 4. Nxe4 Bf5 5. Ng3 Bg6 6. Nf3 Nd7 7. Bd3 Bxd3 8. Qxd3 e6 9. 0-0 Ngf6 10. Bf4 c5 11. Rfe1 cxd4 12. Nxd4 Bc5 13. Nb3 0-0 14. Rad1 Qb6 15. Nxc5 Nxc5 16. Qa3 Na6 17. Be5 Nd5 18. c4 Ndb4 19. Nh5 Nc2 20. Qg3 g6 21. Nf6+ 1-0

[Event "IECC KO email"]
[Site "IECC email"]
[Date "2003.10.10"]
[Round "?"]
[White "Relyea, Alexander"]
[Black "Van Laar, Jan"]
[Result "0-1"]
[WhiteElo "1534"]
[BlackElo "1915"]
[PlyCount "70"]
[EventDate "2003.??.??"]
[EventType "tourn (corr)"]
[EventRounds "6"]
[SourceTitle "Corr 2008"]
[Source "ChessBase"]
[SourceDate "2008.06.24"]
[SourceVersion "1"]
[SourceVersionDate "2008.06.24"]
[SourceQuality "1"]

1. c4 d6 2. Nc3 e5 3. g3 c6 4. Bg2 Be6 5. d3 Nd7 6. e4 Ngf6 7. Nge2 Be7 8. 0-0 0-0 9. f4 Qb6+ 10. Kh1 Nc5 11. b3 a5 12. Be3 Ng4 13. Bg1 Qc7 14. f5 Bd7 15. h3 Nf6 16. g4 h6 17. Be3 Nh7 18. Qd2 b6 19. Rf3 Rad8 20. Raf1 Rfe8 21. Ng3 Bh4 22. Nh5 Ng5 23. f6 Nxf3 24. Rxf3 g5 25. Ne2 Ne6 26. Neg3 Bxg3 27. Nxg3 Nf4 28. Nf5 Bxf5 29. gxf5 d5 30. Bxf4 exf4 31. exd5 cxd5 32. Rf2 dxc4 33. bxc4 Qd6 34. Bd5 Re3 35. h4 Qxf6 0-1

[Event "IECC KO-3030"]
[Site "IECC email"]
[Date "2003.07.25"]
[Round "?"]
[White "Field, Simon"]
[Black "Van Laar, Jan"]
[Result "0-1"]
[WhiteElo "1757"]
[BlackElo "1919"]
[PlyCount "96"]
[EventDate "2003.??.??"]
[EventType "match (corr)"]
[EventRounds "2"]
[SourceTitle "Corr 2020"]
[Source "ChessBase"]
[SourceDate "2019.09.30"]
[SourceVersion "1"]
[SourceVersionDate "2019.09.30"]
[SourceQuality "1"]
[WhiteTeam "England"]
[BlackTeam "NLD"]
[WhiteTeamCountry "ENG"]

1. e4 d6 2. d4 Nf6 3. Nc3 Nbd7 4. Bg5 c6 5. Bc4 b5 6. Bb3 b4 7. Na4 Nxe4 8. Be3 d5 9. f3 Nd6 10. Ne2 e6 11. 0-0 Ba6 12. Re1 Be7 13. Nf4 Nf5 14. Bf2 0-0 15. Nd3 Re8 16. Nac5 Nxc5 17. Nxc5 Bb5 18. g4 Bxc5 19. dxc5 Nh4 20. a3 bxa3 21. Rxa3 Qf6 22. Bxh4 Qxh4 23. Qd2 Qf6 24. c4 dxc4 25. Bc2 Red8 26. Qf2 Qd4 27. Qxd4 Rxd4 28. Rd1 Rxd1+ 29. Bxd1 Rd8 30. Ba4 a6 31. Bxb5 axb5 32. Ra6 g5 33. Kf1 Rd5 34. Rxc6 b4 35. Ra6 Rxc5 36. Ke2 Kg7 37. Ra4 c3 38. bxc3 bxc3 39. Kd1 c2+ 40. Kc1 Rc3 41. Ra2 h5 42. Ra5 f6 43. gxh5 Rxf3 44. Kxc2 Rh3 45. Ra7+ Kh6 46. Ra6 Rxh2+ 47. Kd3 Kxh5 48. Rxe6 f5 0-1

[Event "IECC TH-M email"]
[Site "IECC email"]
[Date "2003.05.05"]
[Round "?"]
[White "Chadwick, Charles"]
[Black "Van Laar, Jan"]
[Result "0-1"]
[WhiteElo "1848"]
[BlackElo "1889"]
[PlyCount "72"]
[EventDate "2003.??.??"]
[EventType "match (corr)"]
[EventRounds "2"]
[SourceTitle "Corr 2008"]
[Source "ChessBase"]
[SourceDate "2008.06.24"]
[SourceVersion "1"]
[SourceVersionDate "2008.06.24"]
[SourceQuality "1"]

1. e4 e5 2. Nf3 d6 3. d4 Nd7 4. Bc4 c6 5. Nc3 Be7 6. dxe5 dxe5 7. Ng5 Bxg5 8. Qh5 g6 9. Qxg5 Ngf6 10. 0-0 b5 11. Bd3 b4 12. Ne2 Bb7 13. Qh4 c5 14. Bg5 Qb6 15. Bh6 Qc6 16. Bg7 Rg8 17. Bxf6 Nxf6 18. Bb5 Qxb5 19. Qxf6 Qxe2 20. Qxe5+ Kf8 21. Qxc5+ Kg7 22. Qe5+ Kh6 23. Rfe1 Qxc2 24. Rac1 Qd2 25. Rcd1 Qg5 26. Qxg5+ Kxg5 27. Rd7 Bc8 28. Rxf7 Kh6 29. f4 Be6 30. Rb7 Rgb8 31. Rxb8 Rxb8 32. b3 a5 33. Re2 a4 34. Kf2 axb3 35. axb3 Bxb3 36. Ke3 Be6 0-1

[Event "IECC TH-M email"]
[Site "IECC email"]
[Date "2003.03.15"]
[Round "?"]
[White "Corbat, Philippe"]
[Black "Van Laar, Jan"]
[Result "1/2-1/2"]
[WhiteElo "2017"]
[BlackElo "1843"]
[PlyCount "70"]
[EventDate "2003.??.??"]
[EventType "match (corr)"]
[EventRounds "2"]
[SourceTitle "Corr 2008"]
[Source "ChessBase"]
[SourceDate "2008.06.24"]
[SourceVersion "1"]
[SourceVersionDate "2008.06.24"]
[SourceQuality "1"]

1. e4 d6 2. d4 Nf6 3. Nc3 g6 4. f4 Bg7 5. Nf3 c5 6. Bb5+ Bd7 7. e5 Ng4 8. e6 fxe6 9. Ng5 Bxb5 10. Nxe6 Bxd4 11. Nxb5 Qa5+ 12. Qd2 Bf2+ 13. Kd1 Ne3+ 14. Ke2 Qxb5+ 15. Kxf2 Ng4+ 16. Kg3 Kd7 17. Re1 Nf6 18. a4 Qc6 19. b3 Na6 20. Bb2 Ne4+ 21. Rxe4 Qxe4 22. Re1 Qc6 23. Bxh8 Rxh8 24. Qc3 Rg8 25. Qc4 d5 26. Qb5 h6 27. h4 Kc8 28. Qxc6+ bxc6 29. Kf3 Kd7 30. g4 Kd6 31. f5 gxf5 32. gxf5 Nb4 33. Re2 h5 34. Ng5 Rf8 35. Kf4 Rf6 1/2-1/2

[Event "IECC KO email"]
[Site "IECC email"]
[Date "2003.02.14"]
[Round "?"]
[White "Hoefer, Hans Peter"]
[Black "Van Laar, Jan"]
[Result "1/2-1/2"]
[WhiteElo "2030"]
[BlackElo "1851"]
[PlyCount "67"]
[EventDate "2003.??.??"]
[EventType "tourn (corr)"]
[EventRounds "6"]
[SourceTitle "Corr 2008"]
[Source "ChessBase"]
[SourceDate "2008.06.24"]
[SourceVersion "1"]
[SourceVersionDate "2008.06.24"]
[SourceQuality "1"]

1. e4 d6 2. d4 Nf6 3. Nc3 Nbd7 4. f4 e5 5. Nf3 c6 6. dxe5 dxe5 7. fxe5 Ng4 8. e6 fxe6 9. Ng5 Nde5 10. Qxd8+ Kxd8 11. h3 Nh6 12. Bf4 Ng6 13. 0-0-0+ Ke8 14. Bg3 Bc5 15. Nf3 Be3+ 16. Kb1 Nf7 17. e5 Bf4 18. Bxf4 Nxf4 19. g3 Ng6 20. Re1 Bd7 21. Bd3 Rd8 22. Bxg6 hxg6 23. Ne4 Ke7 24. h4 b6 25. Neg5 Nxg5 26. Nxg5 Rhf8 27. Rd1 Rf5 28. Rhe1 Rdf8 29. Kc1 c5 30. a3 Rf2 31. Rd3 Rf1 32. Red1 Rxd1+ 33. Kxd1 Bc6 34. b3 1/2-1/2

[Event "IECC Swiss email"]
[Site "IECC email"]
[Date "2002.10.20"]
[Round "?"]
[White "Chadwick, Charles"]
[Black "Van Laar, Jan"]
[Result "0-1"]
[WhiteElo "1834"]
[BlackElo "1778"]
[PlyCount "62"]
[EventDate "2002.??.??"]
[EventType "tourn (corr)"]
[EventRounds "6"]
[SourceTitle "Corr 2008"]
[Source "ChessBase"]
[SourceDate "2008.06.24"]
[SourceVersion "1"]
[SourceVersionDate "2008.06.24"]
[SourceQuality "1"]

1. Nf3 f5 2. g3 Nf6 3. Bg2 g6 4. 0-0 Bg7 5. d4 0-0 6. b3 d6 7. Bb2 c6 8. c4 Na6 9. Nbd2 Qe8 10. Re1 Nc7 11. e4 Nxe4 12. Nxe4 fxe4 13. Rxe4 b5 14. Qe2 e6 15. Re1 bxc4 16. bxc4 Ba6 17. Bh3 Bxc4 18. Qxc4 d5 19. Qe2 dxe4 20. Qxe4 Qf7 21. Bg2 Rab8 22. Ba3 Rfd8 23. Ne5 Bxe5 24. dxe5 Rd2 25. Re2 Rd1+ 26. Re1 Rxe1+ 27. Qxe1 Qf5 28. Qe3 Qb1+ 29. Bf1 Nb5 30. Bd6 Nxd6 31. exd6 Qxa2 0-1

[Event "IECC Swiss email"]
[Site "IECC email"]
[Date "2002.08.01"]
[Round "?"]
[White "Schalkwijk, Peter H"]
[Black "Van Laar, Jan"]
[Result "1/2-1/2"]
[WhiteElo "1694"]
[BlackElo "1778"]
[PlyCount "35"]
[EventDate "2002.??.??"]
[EventType "tourn (corr)"]
[EventRounds "6"]
[SourceTitle "Corr 2008"]
[Source "ChessBase"]
[SourceDate "2008.06.24"]
[SourceVersion "1"]
[SourceVersionDate "2008.06.24"]
[SourceQuality "1"]

1. d4 d6 2. e4 Nf6 3. Nc3 Nbd7 4. f4 e5 5. Nf3 exd4 6. Qxd4 c6 7. Be3 d5 8. 0-0-0 Bc5 9. Qd3 Qe7 10. e5 0-0 11. h3 Ne8 12. g4 f6 13. Bxc5 Nxc5 14. Qe3 fxe5 15. Nxe5 Qf6 16. Ne2 Nd7 17. Nd3 Nd6 18. Bg2 1/2-1/2

[Event "IECC KO email"]
[Site "IECC email"]
[Date "2002.07.10"]
[Round "?"]
[White "Van Laar, Jan"]
[Black "Bradley, Clay R"]
[Result "0-1"]
[WhiteElo "1775"]
[BlackElo "1981"]
[PlyCount "52"]
[EventDate "2002.??.??"]
[EventType "tourn (corr)"]
[EventRounds "6"]
[SourceTitle "Corr 2008"]
[Source "ChessBase"]
[SourceDate "2008.06.24"]
[SourceVersion "1"]
[SourceVersionDate "2008.06.24"]
[SourceQuality "1"]

1. e4 e6 2. d4 d5 3. Nc3 Bb4 4. Nge2 dxe4 5. a3 Bxc3+ 6. Nxc3 Nc6 7. Bb5 Nge7 8. Be3 0-0 9. 0-0 f5 10. Bg5 h6 11. Bxc6 hxg5 12. Ba4 b6 13. Qh5 Qxd4 14. Qxg5 Qf6 15. Qxf6 Rxf6 16. Rfd1 a6 17. Rd2 g5 18. Rad1 g4 19. b4 Rf8 20. Bd7 Kf7 21. Bxc8 Rfxc8 22. Rd7 Kf6 23. Ne2 Ng6 24. R7d4 b5 25. Kf1 Ne5 26. f4 gxf3 0-1

[Event "IECC KO email"]
[Site "IECC email"]
[Date "2002.05.19"]
[Round "?"]
[White "Van Laar, Jan"]
[Black "Bonoldi, Fabio"]
[Result "1/2-1/2"]
[WhiteElo "1797"]
[BlackElo "2046"]
[PlyCount "87"]
[EventDate "2002.??.??"]
[EventType "tourn (corr)"]
[EventRounds "6"]
[SourceTitle "Corr 2008"]
[Source "ChessBase"]
[SourceDate "2008.06.24"]
[SourceVersion "1"]
[SourceVersionDate "2008.06.24"]
[SourceQuality "1"]

1. e4 d6 2. d4 Nf6 3. Nc3 g6 4. Nf3 Bg7 5. h3 0-0 6. Be3 c6 7. a4 Nbd7 8. a5 d5 9. e5 Ne8 10. Bd3 Nc7 11. 0-0 Ne6 12. Re1 f6 13. exf6 exf6 14. Ne2 Re8 15. c4 Nc7 16. Nf4 Nf8 17. Qb3 Nfe6 18. cxd5 Nxf4 19. Bxf4 Rxe1+ 20. Rxe1 Nxd5 21. Bc4 Bf8 22. Qa2 Kg7 23. Bd2 Qd6 24. Nh2 Be6 25. Ng4 Bxg4 26. hxg4 Rd8 27. Qb3 b5 28. axb6 axb6 29. g5 b5 30. Bxd5 Qxd5 31. gxf6+ Kxf6 32. Qh3 Kg7 33. Bh6+ Kg8 34. Bxf8 Rxf8 35. Re7 h5 36. Qe6+ Qxe6 37. Rxe6 Kf7 38. Rxc6 Rd8 39. Rb6 Rxd4 40. Rxb5 Rd2 41. g3 Kf6 42. Kg2 g5 43. Kf3 h4 44. Kg2 1/2-1/2

[Event "IECC Swiss email"]
[Site "IECC email"]
[Date "2002.04.17"]
[Round "?"]
[White "Van Laar, Jan"]
[Black "Bartsch, Andreas"]
[Result "1/2-1/2"]
[WhiteElo "1841"]
[BlackElo "2253"]
[PlyCount "69"]
[EventDate "2002.??.??"]
[EventType "tourn (corr)"]
[EventRounds "6"]
[SourceTitle "Corr 2008"]
[Source "ChessBase"]
[SourceDate "2008.06.24"]
[SourceVersion "1"]
[SourceVersionDate "2008.06.24"]
[SourceQuality "1"]

1. e4 c5 2. Nf3 Nc6 3. d4 cxd4 4. Nxd4 Nf6 5. Nc3 e5 6. Ndb5 d6 7. Bg5 a6 8. Na3 b5 9. Bxf6 gxf6 10. Nd5 f5 11. Bd3 Be6 12. 0-0 Bxd5 13. exd5 Ne7 14. c3 Bg7 15. Qh5 Qc8 16. Rfe1 e4 17. Bc2 Qc5 18. Bb3 a5 19. Qe2 a4 20. Qxb5+ Qxb5 21. Nxb5 axb3 22. Nc7+ Kd7 23. Nxa8 Rxa8 24. axb3 Rxa1 25. Rxa1 Nxd5 26. b4 f4 27. Ra6 Be5 28. b5 Kc7 29. c4 Nb4 30. Ra7+ Kb6 31. Rxf7 Nd3 32. b3 e3 33. Kf1 Nc1 34. fxe3 fxe3 35. Rf3 1/2-1/2

[Event "IECC KO email"]
[Site "IECC email"]
[Date "2002.04.07"]
[Round "?"]
[White "Van Laar, Jan"]
[Black "Djoudi, Brahim"]
[Result "0-1"]
[WhiteElo "1841"]
[BlackElo "1256"]
[PlyCount "56"]
[EventDate "2002.??.??"]
[EventType "tourn (corr)"]
[EventRounds "6"]
[SourceTitle "Corr 2008"]
[Source "ChessBase"]
[SourceDate "2008.06.24"]
[SourceVersion "1"]
[SourceVersionDate "2008.06.24"]
[SourceQuality "1"]

1. Nc3 d5 2. e4 d4 3. Nce2 e5 4. Nf3 Bd6 5. Ng3 Nf6 6. Bc4 0-0 7. 0-0 c5 8. d3 Nc6 9. a3 a6 10. Bb3 b5 11. Bd2 Qc7 12. a4 Bd7 13. Qe2 h6 14. Nf5 Bxf5 15. exf5 c4 16. dxc4 e4 17. Nh4 Bxh2+ 18. Kh1 bxa4 19. Bxa4 Bd6 20. b3 Nb4 21. Qd1 Rfd8 22. c3 dxc3 23. Bxc3 Be5 24. Bxe5 Qxe5 25. Qe2 Rd3 26. Rad1 Rad8 27. Rxd3 Nxd3 28. Kg1 Nf4 0-1

[Event "IECC KO email"]
[Site "IECC email"]
[Date "2001.12.21"]
[Round "?"]
[White "Goze, Tolga"]
[Black "Van Laar, Jan"]
[Result "1/2-1/2"]
[WhiteElo "1892"]
[BlackElo "1838"]
[PlyCount "148"]
[EventDate "2001.??.??"]
[EventType "tourn (corr)"]
[EventRounds "6"]
[SourceTitle "Corr 2008"]
[Source "ChessBase"]
[SourceDate "2008.06.24"]
[SourceVersion "1"]
[SourceVersionDate "2008.06.24"]
[SourceQuality "1"]

1. e4 e6 2. d4 d5 3. Nd2 c5 4. dxc5 Bxc5 5. Nb3 Bb6 6. exd5 Nf6 7. Bg5 exd5 8. Bb5+ Nc6 9. Qe2+ Be6 10. Nf3 0-0 11. 0-0 a6 12. Bxc6 bxc6 13. Qe5 Re8 14. Bxf6 Qxf6 15. Qxf6 gxf6 16. Rfe1 Bg4 17. Nbd2 Re6 18. h3 Bh5 19. Rac1 c5 20. c3 Rae8 21. b3 Kg7 22. a3 a5 23. g3 Bg6 24. Nf1 Bc7 25. Red1 Be4 26. Nh4 Bb6 27. Ne3 Re5 28. g4 Kf8 29. Nhf5 Rb8 30. Ng3 Bf3 31. Rd3 c4 32. bxc4 Bxe3 33. fxe3 Rb2 34. Nf5 Be4 35. Rd4 Rg2+ 36. Kf1 Rh2 37. Rcd1 Bxf5 38. gxf5 dxc4 39. e4 Rb5 40. Kg1 Rxh3 41. Rxc4 Rb3 42. a4 Rhxc3 43. Rxc3 Rxc3 44. Rd5 Re3 45. Rxa5 Rxe4 46. Kg2 Kg7 47. Kf3 Rc4 48. Ra7 h5 49. a5 Rc3+ 50. Kf2 Rc5 51. Kg3 Rxf5 52. Ra8 Kg6 53. Rg8+ Kh7 54. Ra8 Rf1 55. a6 Ra1 56. Kh4 Kg6 57. a7 Ra4+ 58. Kg3 Kh7 59. Kh3 Kg7 60. Kg3 f5 61. Rc8 Rxa7 62. Kh4 Kg6 63. Rg8+ Kf6 64. Rb8 Ra3 65. Rb6+ Ke5 66. Kxh5 Rh3+ 67. Kg5 Rg3+ 68. Kh4 f4 69. Rb5+ Kf6 70. Rb6+ Kf5 71. Rb5+ Kg6 72. Rb4 f5 73. Rxf4 Rg1 74. Rb4 Kf6 1/2-1/2

[Event "IECC TH-T email"]
[Site "IECC email"]
[Date "2001.12.07"]
[Round "?"]
[White "Van Laar, Jan"]
[Black "Nagley, Tim"]
[Result "1/2-1/2"]
[WhiteElo "1874"]
[BlackElo "2049"]
[PlyCount "66"]
[EventDate "2001.??.??"]
[EventType "match (corr)"]
[EventRounds "2"]
[SourceTitle "Corr 2008"]
[Source "ChessBase"]
[SourceDate "2008.06.24"]
[SourceVersion "1"]
[SourceVersionDate "2008.06.24"]
[SourceQuality "1"]

1. e4 Nf6 2. e5 Nd5 3. d4 d6 4. Nf3 Bg4 5. Be2 e6 6. 0-0 Be7 7. h3 Bh5 8. c4 Nb6 9. Nc3 0-0 10. Bf4 Nc6 11. b3 dxe5 12. Nxe5 Bxe2 13. Nxe2 Nxe5 14. Bxe5 Nd7 15. Bg3 c6 16. Qc2 Qa5 17. a3 Qh5 18. Rfe1 Rac8 19. Nf4 Qg5 20. Qe2 Qf5 21. Qd3 Qxd3 22. Nxd3 Rfd8 23. Rad1 Nf8 24. Nb4 Bxb4 25. axb4 Ng6 26. f3 Rd7 27. h4 h5 28. Bf2 Rcd8 29. Ra1 a6 30. Re4 Ne7 31. g4 Rd6 32. Rae1 Ng6 33. Kh2 R6d7 1/2-1/2

[Event "IECC Swiss email"]
[Site "IECC email"]
[Date "2001.12.03"]
[Round "?"]
[White "Van Laar, Jan"]
[Black "Jonsson, Gudbrandur"]
[Result "1-0"]
[WhiteElo "1839"]
[BlackElo "1417"]
[PlyCount "119"]
[EventDate "2001.??.??"]
[EventType "tourn (corr)"]
[EventRounds "6"]
[SourceTitle "Corr 2008"]
[Source "ChessBase"]
[SourceDate "2008.06.24"]
[SourceVersion "1"]
[SourceVersionDate "2008.06.24"]
[SourceQuality "1"]

1. e4 e5 2. Nf3 Nc6 3. Bb5 a6 4. Ba4 b5 5. Bb3 Nf6 6. 0-0 Bc5 7. a4 b4 8. Nxe5 Nxe5 9. d4 Bxd4 10. Qxd4 Nc6 11. Qc4 0-0 12. f3 Bb7 13. Rd1 d6 14. c3 bxc3 15. Qxc3 Qe7 16. Be3 Rfe8 17. Bf2 Ne5 18. Na3 Nh5 19. Be3 c6 20. Nc4 Nxc4 21. Qxc4 d5 22. Qc5 Qxc5 23. Bxc5 Nf6 24. exd5 Nxd5 25. Re1 Rad8 26. Rad1 h5 27. Bc4 a5 28. Re4 Kh7 29. Rde1 Rxe4 30. fxe4 Re8 31. Bf2 Nf6 32. Bxf7 Rxe4 33. Rxe4 Nxe4 34. Bxh5 Nxf2 35. Kxf2 c5 36. Bf3 Bc8 37. Ke3 Kg6 38. Ke4 Bd7 39. Kd5 Bxa4 40. Kxc5 Bb3 41. Kb6 a4 42. Bc6 Kg5 43. Kb5 Kg4 44. Kb4 Bc2 45. Bxa4 Be4 46. Bd1+ Kf4 47. Bf3 Bc2 48. Kc5 g5 49. b4 g4 50. Bd5 Bd3 51. b5 Kg5 52. b6 Ba6 53. g3 Kf5 54. Kd6 Kf6 55. Kc7 Ke5 56. Bc6 Kf5 57. Bd7+ Kf6 58. Bxg4 Bd3 59. b7 Kg5 60. Bf3 1-0

[Event "IECC TH-T email"]
[Site "IECC email"]
[Date "2001.11.27"]
[Round "?"]
[White "Klawitter, Bernd"]
[Black "Van Laar, Jan"]
[Result "0-1"]
[WhiteElo "1470"]
[BlackElo "1881"]
[PlyCount "84"]
[EventDate "2001.??.??"]
[EventType "match (corr)"]
[EventRounds "2"]
[SourceTitle "Corr 2008"]
[Source "ChessBase"]
[SourceDate "2008.06.24"]
[SourceVersion "1"]
[SourceVersionDate "2008.06.24"]
[SourceQuality "1"]

1. e4 e6 2. d4 d5 3. Nc3 Nf6 4. Bg5 Be7 5. e5 Nfd7 6. Bxe7 Qxe7 7. Nf3 0-0 8. Bd3 c5 9. dxc5 Nxc5 10. 0-0 Nxd3 11. Qxd3 b6 12. Nb5 Nd7 13. Nd6 Nxe5 14. Nxc8 Nxf3+ 15. Qxf3 Raxc8 16. c3 Rc4 17. Rad1 Rfc8 18. Rfe1 Qg5 19. Qd3 b5 20. Re3 b4 21. Rg3 Qe7 22. Rh3 h6 23. Qd2 Qc7 24. cxb4 Rc2 25. Qd4 Qb6 26. Qxb6 axb6 27. Rc3 R8xc3 28. bxc3 Rxc3 29. f3 b5 30. Ra1 Rc2 31. a4 bxa4 32. Rxa4 Rb2 33. Ra8+ Kh7 34. Ra7 Kg6 35. Ra4 d4 36. Kf1 e5 37. Ra6+ Kf5 38. Ra7 Kf4 39. Rxf7+ Ke3 40. g4 d3 41. Rf5 d2 42. Rxe5+ Kd4 0-1

[Event "IECC TH-T email"]
[Site "IECC email"]
[Date "2001.10.29"]
[Round "?"]
[White "Van Laar, Jan"]
[Black "Seiz, Theodor"]
[Result "0-1"]
[WhiteElo "1841"]
[BlackElo "1878"]
[PlyCount "70"]
[EventDate "2001.??.??"]
[EventType "match (corr)"]
[EventRounds "2"]
[SourceTitle "Corr 2008"]
[Source "ChessBase"]
[SourceDate "2008.06.24"]
[SourceVersion "1"]
[SourceVersionDate "2008.06.24"]
[SourceQuality "1"]

1. d4 d5 2. c4 c6 3. Nf3 Nf6 4. Nc3 e6 5. e3 Bd6 6. Qc2 Nbd7 7. g4 Bb4 8. a3 Bxc3+ 9. bxc3 Qa5 10. Bd2 0-0 11. h3 Ne4 12. Bd3 Nxd2 13. Nxd2 h6 14. Rg1 e5 15. cxd5 cxd5 16. g5 h5 17. Rg3 Qc7 18. Rb1 Re8 19. g6 f6 20. Bb5 a6 21. Be2 exd4 22. Qb3 Nc5 23. Qxd5+ Be6 24. Qxd4 Rad8 25. Qb4 Qc6 26. Nf3 Ne4 27. Nd4 Rxd4 28. cxd4 Nxg3 29. fxg3 Qe4 30. Kd2 Bd5 31. Rb3 Bxb3 32. Qxb3+ Kh8 33. h4 f5 34. Qd3 Qd5 35. Bd1 Qe6 0-1

[Event "IECC TH-T email"]
[Site "IECC email"]
[Date "2001.10.03"]
[Round "?"]
[White "Jasinski, Jim"]
[Black "Van Laar, Jan"]
[Result "1/2-1/2"]
[WhiteElo "1631"]
[BlackElo "1878"]
[PlyCount "84"]
[EventDate "2001.??.??"]
[EventType "match (corr)"]
[EventRounds "2"]
[SourceTitle "Corr 2008"]
[Source "ChessBase"]
[SourceDate "2008.06.24"]
[SourceVersion "1"]
[SourceVersionDate "2008.06.24"]
[SourceQuality "1"]

1. d4 d5 2. c4 c6 3. cxd5 cxd5 4. e3 Nf6 5. Nc3 Nc6 6. Bd3 a6 7. Nf3 Bg4 8. h3 Bxf3 9. Qxf3 e5 10. dxe5 Nxe5 11. Qe2 b5 12. a3 Bd6 13. 0-0 Rc8 14. Rd1 g6 15. e4 d4 16. Nd5 Nxd5 17. exd5 Qe7 18. a4 Nxd3 19. Qxd3 Qe5 20. axb5 Qh2+ 21. Kf1 0-0 22. Bh6 Rfe8 23. f3 Bc5 24. Rac1 axb5 25. b4 Re2 26. Qxe2 d3 27. Qe3 Qh1+ 28. Kf2 Bxe3+ 29. Bxe3 Rc2+ 30. Rxc2 Qxd1 31. Rd2 Qb3 32. d6 f5 33. g3 Kf7 34. Bc5 Ke6 35. Ke3 Qb1 36. f4 Qg1+ 37. Kxd3 Qxg3+ 38. Kc2 Kd7 39. Re2 Qxf4 40. Re7+ Kc6 41. Rc7+ Kd5 42. Rxh7 Qe4+ 1/2-1/2

[Event "IECC TH-M-1499"]
[Site "IECC email"]
[Date "2001.09.15"]
[Round "?"]
[White "Van Laar, Jan"]
[Black "Corbat, Philippe"]
[Result "0-1"]
[WhiteElo "1886"]
[BlackElo "2111"]
[PlyCount "48"]
[EventDate "2001.??.??"]
[EventType "tourn (corr)"]
[SourceTitle "Corr 2020"]
[Source "ChessBase"]
[SourceDate "2019.09.30"]
[SourceVersion "1"]
[SourceVersionDate "2019.09.30"]
[SourceQuality "1"]

1. f4 e5 2. fxe5 d6 3. exd6 Bxd6 4. Nf3 g5 5. g3 g4 6. Nh4 Ne7 7. e3 Ng6 8. Ng2 h5 9. Bc4 h4 10. 0-0 Ne5 11. Be2 hxg3 12. hxg3 Qg5 13. Qe1 Qh5 14. Nh4 Ng6 15. Nc3 Nxh4 16. gxh4 Be7 17. Qg3 Bxh4 18. Qh2 Nc6 19. Nb5 Bd8 20. Nxc7+ Bxc7 21. Qxc7 Be6 22. Qg3 Nb4 23. Bd1 Bc4 24. Qe5+ Qxe5 0-1

[Event "IECC KO email"]
[Site "IECC email"]
[Date "2001.07.01"]
[Round "?"]
[White "Kyciak, Bartosz"]
[Black "Van Laar, Jan"]
[Result "1-0"]
[WhiteElo "2119"]
[BlackElo "1879"]
[PlyCount "91"]
[EventDate "2001.??.??"]
[EventType "tourn (corr)"]
[EventRounds "6"]
[SourceTitle "Corr 2008"]
[Source "ChessBase"]
[SourceDate "2008.06.24"]
[SourceVersion "1"]
[SourceVersionDate "2008.06.24"]
[SourceQuality "1"]

1. e4 d6 2. d4 Nf6 3. Nc3 Nbd7 4. g4 h6 5. h3 e5 6. Nge2 c6 7. Bg2 Be7 8. Ng3 Nb6 9. f4 Qc7 10. 0-0 Bd7 11. g5 hxg5 12. fxg5 Nh7 13. h4 g6 14. Qf3 Rf8 15. Qd3 0-0-0 16. a4 Bg4 17. a5 Nd7 18. a6 b5 19. Be3 f6 20. d5 Nc5 21. Qd2 b4 22. Na2 fxg5 23. hxg5 b3 24. Nb4 Bd7 25. dxc6 Bxc6 26. Nxc6 Qxc6 27. Rfc1 Kb8 28. cxb3 Nxg5 29. Bxg5 Bxg5 30. Qxg5 Qb6 31. Qe3 Nxb3 32. Qxb6+ axb6 33. Ne2 Nxc1 34. Rxc1 Ka7 35. Ra1 b5 36. Nc3 b4 37. Nd5 b3 38. Bf1 Rc8 39. Nc3 Ka8 40. Bh3 Rc5 41. Be6 Ka7 42. Bd5 Rfc8 43. Ra3 Rxc3 44. bxc3 Rxc3 45. Rxb3 Rc1+ 46. Kh2 1-0

[Event "IECC TH-T email"]
[Site "IECC email"]
[Date "2001.06.09"]
[Round "?"]
[White "Jus, Yoann"]
[Black "Van Laar, Jan"]
[Result "1/2-1/2"]
[WhiteElo "2001"]
[BlackElo "1806"]
[PlyCount "71"]
[EventDate "2001.??.??"]
[EventType "match (corr)"]
[EventRounds "2"]
[SourceTitle "Corr 2008"]
[Source "ChessBase"]
[SourceDate "2008.06.24"]
[SourceVersion "1"]
[SourceVersionDate "2008.06.24"]
[SourceQuality "1"]

1. d4 d5 2. c4 c6 3. Nf3 e6 4. Nc3 dxc4 5. a4 Bb4 6. e3 b5 7. Bd2 a5 8. axb5 Bxc3 9. Bxc3 cxb5 10. b3 Bb7 11. bxc4 b4 12. Bb2 Nf6 13. Bd3 Nbd7 14. 0-0 0-0 15. Qc2 Bxf3 16. gxf3 Qc7 17. Rfc1 Qc6 18. e4 a4 19. Rcb1 Nh5 20. Qd2 Rfb8 21. Qg5 g6 22. Qe7 Rb7 23. d5 Qb6 24. Bc3 Nc5 25. Rxb4 Rxe7 26. Rxb6 Nxd3 27. Rxa4 Rc8 28. d6 Rd7 29. Rc6 Rcd8 30. c5 e5 31. Bd2 Rb7 32. h3 Rb1+ 33. Kg2 Rb5 34. Ra5 Rb2 35. Be3 Ne1+ 36. Kf1 1/2-1/2